TOP 10 piosenek - Smolasty - Statystyki

Ogólne statystyki
  • Ten quiz został rozwiązany 187 razy
  • Średni wynik to 4 z 10
Statystyki odpowiedzi
# views utwór % Poprawnych
3 38 mln Duże Oczy
83%
2 45 mln Fake Love
68%
1 52 mln Uzależniony
60%
10 9,8 mln Oh Daddy
50%
4 24 mln Tusz
48%
5 21 mln Raj
32%
7 17 mln Do Końca
21%
6 17 mln Safari
15%
8 16 mln Czemu nie?
7%
9 9,8 mln Nie Pierwszy Raz
1%
Nie znaleziono quizów pasujących do podanych kryteriów
Rozkład punktacji
Procent ludzi z każdym wynikiem
Percentyl według liczby udzielonych odpowiedzi
Twoja historia wyników
Nie rozwiązałeś tego quizu